000 00223nam a22000977a 4500
003 SGT
082 _a370
_bNCE
100 _aNCERT
245 _aराष्ट्रीय शिक्षा नीति 1986
942 _2ddc
_cBK
999 _c17430
_d17430